000 00816nam a2200229 a 4500
001 36708
003 BD-RjUL
005 20211209052526.0
008 170204s1991 bg ||||| |||| 001 0 ben d
035 _a(BD-RjUL)36809
040 _aBD-RjUL
_bben
_cBD-RjUL
041 _aben
082 _a320.954145
_bMAG 1991
_223
100 1 _aমালেক, কাজী
_9111952
245 1 0 _aগণতন্ত্রের সংকট :
_bবাংলাদেশে /
_cকাজী মালেক
260 _aঢাকা :
_bমডার্ণ লাইব্রেরী,
_c১৯৯১
300 _a২৭০ পৃ. ;
_c২২ সেমি
505 0 _aখণ্ড - ১ --
650 _aগণতন্ত্র
_zবাংলাদেশ
_9111953
650 _aDemocracy
_zBangladesh
_9111954
942 _2ddc
_cBK
999 _c36708
_d36708